BIBLIOTHÈQUE DE LA MAISON DU MEXIQUE

Logo 1 Logo 2

La filosofía de lo mexicano (notice nᵒ 12172)

détails MARC
000 -Sello discográfico
campo de control de longitud fija 00929nam a2200301 4500
005 - Identificación de versión
campo de control 20251016084744.0
035 ## - Otros números de control del sistema
Número de control del sistema 5523
099 ## - fechas locales
Tipo de ítem Koha LIBRO
100 ## - Datos de procesamiento general
Datos de procesamiento general 19930801d1960 m y1spay5003 ba
105 ## - Campo de datos codificados: Material textual, monográfico
Datos codificados de monografía y 001zy
200 1# - Título y mención de responsabilidad
Título propio La filosofía de lo mexicano
Designación general del material texto impreso
Primer mención de responsabilidad Abelardo Villegas
205 ## - Declaración de edición
Declaración de edición 1a ed
210 ## - Publicación, distribución, etc.
Lugar de publicación, distribución, etc. México
Nombre del editor, distribuidor, etc. Fondo de Cultura Económica
Fecha de publicación, distribución, etc. 1960
215 ## - Descripción física
Designación de material específico y extensión del ítem 237 p
Dimensiones 22 cm
345 ## - Nota de información de adquisición
Fuente de adquisición/dirección de la suscripción [OBSOLETO] Donación
410 #1 - Series
Título Vida y Pensamiento de México
606 ## - Término temático usado como materia
Elemento de entrada Antropología cultural
Número Koha 4285
606 ## - Término temático usado como materia
Elemento de entrada Filosofía mexicana
Subdivisión temática Alocuciones, ensayos y conferencias
Número Koha 13076
660 ## - Código de área geográfica
Código MX
700 ## - Nombre personal - Responsabilidad primaria
Elemento de entrada Villegas Maldonado
Parte del nombre distinta del elemento de entrada Abelardo
Fechas 1934-2001
Número Koha 16880
801 #0 - Fuente de origen
Agencia cm
900 ## -
-- 1/8908
900 ## -
-- 710934568\\010893
942 ## - ELEMENTOS DE ENTRADA SECUNDARIOS (KOHA)
Tipo de ítem Koha Livre
996 ## -
-- MEX
-- 751145101
-- MMAG
-- 004927
-- 108 V73F
-- 20210527LIV
Exemplaires
Estatus retirado Estado de daño Estado de pérdida Fecha de adquisición Biblioteca de origen Biblioteca actual Ubicación en estantería Código de barras Precio de reemplazo Signatura topográfica completa No para préstamo Tipo de ítem Koha Nota pública Nota no pública
      05/08/2025 Casa México Paris Casa México Paris   004927 05/08/2025 108 V73F   Livre 20210527LIV 751145101